Κατάλογος Βιβλιοθηκών Mediterranean College

Αρχιτεκτονικός Σχεδιασμός και Εφαρμογές / Βοήθημα για Σωστές Κατασκευές (Record no. 3657)

MARC details
000 -LEADER
fixed length control field 01253cam a22002174a 4500
005 - ΗΜΕΡΟΜΗΝΙΑ ΚΑΙ ΩΡΑ ΤΕΛΕΥΤΑΙΑΣ ΕΝΗΜΕΡΩΣΗΣ
Πεδίο ελέγχου 20250605164121.0
008 - FIXED-LENGTH DATA ELEMENTS--GENERAL INFORMATION
Πεδίο ελέγχου σταθερού μήκους 250528s ||||||||||||||||||||||||d
035 ## - SYSTEM CONTROL NUMBER
System control number 18291
020 ## - ISBN
ISBN 9602093420
040 ## - ΠΗΓΗ ΚΑΤΑΛΟΓΟΓΡΑΦΗΣΗΣ
Φορέας πρωτότυπης καταλογογράφησης MC Athens Campus Library
Γλώσσα καταλογογράφησης Ελληνικά, Μοντέρνα (1453-)
Modifying agency MC Athens Campus Library
Κανόνες περιγραφικής καταλογογράφησης AACR2
245 1# - ΤΙΤΛΟΣ ΚΑΙ ΔΗΛΩΣΗ ΥΠΕΥΘΥΝΟΤΗΤΑΣ
Τίτλος Αρχιτεκτονικός Σχεδιασμός και Εφαρμογές / Βοήθημα για Σωστές Κατασκευές
260 ## - PUBLICATION, DISTRIBUTION, ETC.
Name of publisher, distributor, etc. Κλειδάριθμος,
Date of publication, distribution, etc. 2007
300 ## - PHYSICAL DESCRIPTION
Extent 226
505 0# - FORMATTED CONTENTS NOTE
Formatted contents note Τύποι Κατοικιών, Οικοδομική Άδεια, Θεμέλια, Οροφές, Μορφές Στέγης, Προθάλαμοι, Κουζίνες, Λουτρά, Υπνοδωμάτια, Παράθυρα, Εξώστες, Πόρτες, Σκάλες, Ανελκυστήρες, Φωτισμός, Κεραίες, Οχήματα, Κήπος, Ο Ανθρωπος και το Μέτρο κάθε αντικειμένου, Αναλογίες Διαστάσεων, Βασικοί Κανονισμοί, Ευρετήριο, Βιβλιογραφία, Λεξικό Όρων.
520 ## - SUMMARY, ETC.
Summary, etc. 1.768 Εικόνες - 109 Πίνακες - 495 Σχέδια.
700 1# - ΠΡΟΣΘΕΤΗ ΑΝΑΓΡΑΦΗ--ΦΥΣΙΚΟ ΠΡΟΣΩΠΟ
Personal name Neff Ludwig
9 (RLIN) 4566
700 1# - ΠΡΟΣΘΕΤΗ ΑΝΑΓΡΑΦΗ--ΦΥΣΙΚΟ ΠΡΟΣΩΠΟ
Personal name Neufert Peter
9 (RLIN) 4567
942 ## - ADDED ENTRY ELEMENTS (KOHA)
Koha item type Books
Holdings
Τύπος τεκμηρίου Βιβλιοθήκη Τρέχουσα τοποθεσία Barcode Αριθμός εισαγωγής Ημερομηνία απόκτησης Ταξιθετικό σύμβολο Αριθμός αντιτύπου Κατάσταση απόσυρσης Κατάσταση χαμένου Κατάσταση κατεστραμμένου Μη δανεισμός Σύνολο δανεισμών Ημερομηνία τελευταίας εμφάνισης Η τιμή ισχύει από
Books MC Athens Campus Library MC Athens Campus Library 9780000036568 2878 05/06/2025 721.02 NEU 1           05/06/2025 05/06/2025

MC Athens Campus Library
Πατησίων 94 & Κοδριγκτώνος 13, 104 34
Πελλήνης 8 & Πατησίων 107, 112 51
Τ: +30 210 8899600

MC Thessaloniki Campus Library
Ίωνος Δραγούμη 21, 54625 | Ίωνος Δραγούμη 15, 54625
Τ: +30 2310 287779 – Τ: +30 2314 440300